BIBLIOTHÈQUE DE LA MAISON DU MEXIQUE

Logo 1 Logo 2

La desnacionalización de la economía mexicana (notice nᵒ 10686)

détails MARC
000 -Sello discográfico
campo de control de longitud fija 00920nam a2200301 4500
005 - Identificación de versión
campo de control 20251017062759.0
035 ## - Otros números de control del sistema
Número de control del sistema 9957
099 ## - fechas locales
Tipo de ítem Koha LIBRO
100 ## - Datos de procesamiento general
Datos de procesamiento general 20000703d1975 m y1spay5003 ba
105 ## - Campo de datos codificados: Material textual, monográfico
Datos codificados de monografía y 001zy
200 1# - Título y mención de responsabilidad
Título propio La desnacionalización de la economía mexicana
Designación general del material texto impreso
Primer mención de responsabilidad Manuel Aguilera Gómez
205 ## - Declaración de edición
Declaración de edición 1a ed
210 ## - Publicación, distribución, etc.
Lugar de publicación, distribución, etc. México
Nombre del editor, distribuidor, etc. Fondo de Cultura Económica
Fecha de publicación, distribución, etc. 1975
215 ## - Descripción física
Designación de material específico y extensión del ítem 155 p
Dimensiones 20 cm
345 ## - Nota de información de adquisición
Fuente de adquisición/dirección de la suscripción [OBSOLETO] Donación
410 #1 - Series
Título Archivo del Fondo
Número de volumen 47
606 ## - Término temático usado como materia
Elemento de entrada Inversiones extranjeras
Subdivisión geográfica México
Número Koha 4659
607 ## - Nombre geográfico utilizado como tema
Elemento de entrada México
Subdivisión temática Condiciones económicas
Número Koha 110
660 ## - Código de área geográfica
Código MX
700 ## - Nombre personal - Responsabilidad primaria
Elemento de entrada Aguilera Gómez
Parte del nombre distinta del elemento de entrada Manuel
Fechas 1936-2022
Número Koha 119
801 #0 - Fuente de origen
Agencia cm
900 ## -
-- 1/632
900 ## -
-- 7100012414\030700
942 ## - ELEMENTOS DE ENTRADA SECUNDARIOS (KOHA)
Tipo de ítem Koha Livre
996 ## -
-- MEX
-- 751145101
-- MMAG
-- 007444
-- 082 A673 V.47
-- 20230213LIV
Exemplaires
Estatus retirado Estado de daño Estado de pérdida Fecha de adquisición Biblioteca de origen Biblioteca actual Ubicación en estantería Código de barras Precio de reemplazo Signatura topográfica completa No para préstamo Tipo de ítem Koha Nota pública Nota no pública
      05/08/2025 Casa México Paris Casa México Paris   007444 05/08/2025 082 A673 V.47   Livre 20230213LIV 751145101